Quiz alan becker's caracter - Statistiques

Statistiques générales
  • Ce quiz a été pris 19 fois
  • Le résultat moyen est 25 sur 44
Statistiques - réponses
Hint Réponse % Correct
Animals , possetion , prank Red
92%
The red evil stickman with dark power TDL / The dark lord
92%
Redstone, coding Yellow
92%
The cursor and creator of hollow head brothers Alan
83%
potions, cook , addiction, netherwart Blue
83%
Music, fishing rod Green
83%
He wanted to destroy Minecraft for revenge King orange
83%
Elytra user Purple
83%
The black stickman with eye-laser, fire, ... TCO / the chosen one
83%
Pencil user with strong green power TSC / The second coming
83%
Father of elytra user Dark blue / Navy
75%
Tortured by the cursor, He escaped but came back for revenge. Victim
75%
the spider robots that accompany the red stickman Virabot
75%
The leader of mercenariesand friend with the one tortured by the cursor Agent smith
67%
The son of the one before Gold
67%
Bathroom sgin stickman Hazard
67%
The girlfriend of the one before Mitsi
67%
Mother of elytra user Pink
67%
The mercenary who can change form Primal
67%
He use potions for transform people in other thing The witch
67%
the blind monster that the pencil user rides Warden
67%
Pixel stickman Ballista
58%
He sells hot dogs (There's really nothing else to say about him, and I don't understand why he's in the top five most-loved characters) Corn dog guy
58%
The teleporter of yellow team Enderman
58%
The fire-breathing fox that's also an app Firefox
58%
The teacher who posseded the animal lover Herobrine
58%
The archer of yellow team Skeleton
58%
The one who do web in yellow team Spider
58%
The strongest animal of the animal lover Pig
50%
the mob that crashed the concert Silverfish
50%
The Hanged Stickman Hangman
42%
The giant destroyer of the village Titan ravager
42%
The netherwart lover save him of the lava Baby piglin
33%
There are many but three of them decide to figth for their village Villargers
33%
the giant screen fought against the pencil user and the fan of music Youtube
33%
he crossed paths by chance the pencil user and the animal lover Alexcrafter
25%
The bully of the musicien Bob
17%
e (Math identity) Euler's identity
17%
A very old and rather powerful stickman Kickstarter
17%
He trying to kill pensil user with traps and TNT Killer bunny
17%
A giant version of the one before Numberzilla
17%
The one piglin who has golden armor Piglin chief
17%
4 cheaters in avm ep36"______ players" Bedwars players
8%
The little yellow character who fought the black stickman OIM
8%
Aucun quiz correspondant
Distribution des résultats
% des personnes avec chaque résultat
Percentile par nombre de réponses
Votre historique - résultats
Vous n’avez pas pris ce quiz